Lò hơi

Tài liệu trình bày về nhiên liệu, cân bằng vật chất của quá trình cháy nhiên liệu, cân bằng và xác định hiệu xuất của lò ...

Spremljeno u:
Bibliografski detalji
Glavni autor: Nguyễn, Sỹ Mão
Format: Knjiga
Jezik:Undetermined
Izdano: Hà Nội Khoa học Kỹ thuật 2006
Teme:
Oznake: Dodaj oznaku
Bez oznaka, Budi prvi tko označuje ovaj zapis!
Thư viện lưu trữ: Trung tâm Học liệu Trường Đại học Cần Thơ
LEADER 00751nam a2200205Ia 4500
001 CTU_152199
008 210402s9999 xx 000 0 und d
020 |c 53000 
082 |a 621.402 
082 |b M108/T.1 
100 |a Nguyễn, Sỹ Mão 
245 0 |a Lò hơi 
245 0 |c Nguyễn Sỹ Mão 
260 |a Hà Nội 
260 |b Khoa học Kỹ thuật 
260 |c 2006 
520 |a Tài liệu trình bày về nhiên liệu, cân bằng vật chất của quá trình cháy nhiên liệu, cân bằng và xác định hiệu xuất của lò ... 
650 |a Heating engineering,Heating equipment industry 
904 |i Giang 
980 |a Trung tâm Học liệu Trường Đại học Cần Thơ